000 00346cam a22001097a 4500
008 180718b1988 xxu||||| |||| 00| 0 eng d
082 _aB7303 x54 G562
100 _aGolandaz,H.M.
245 _aResearch report on municipal legislation
_cBy Dr. H.M.Golandaz
260 _aBombay
_bAllIndia Institute of Local self - Government
_c1988
300 _a163p.
999 _c416542
_d416542